[Event "CZE-chT 0405"]
[Site "Czech Republic"]
[Date "2005.04.16"]
[Round "10.3"]
[White "Szilow, S."]
[Black "Jansa, Vlastimil"]
[Result "0-1"]
[WhiteElo "2412"]
[BlackElo "2500"]
[PlyCount "64"]
[EventDate "2004.11.??"]
[EventType "team"]
[EventRounds "11"]
[EventCountry "CZE"]
[SourceTitle "EXT 2006"]
[Source "ChessBase"]
[SourceDate "2005.11.24"]
[SourceVersion "1"]
[SourceVersionDate "2005.11.24"]
[SourceQuality "1"]
[WhiteTeam "Ostrava Color"]
[BlackTeam "Praha Mahrla"]
[WhiteTeamCountry "CZE"]
[BlackTeamCountry "CZE"]

1. d4 Nf6 2. c4 g6 3. Nc3 d5 4. cxd5 Nxd5 5. e4 Nxc3 6. bxc3 Bg7 7. Nf3 c5 8. Rb1 0-0 9. Be2 b6 10. 0-0 Bb7 11. Qd3 Qc7 12. d5 Nd7 13. c4 e6 14. dxe6 fxe6 15. Ng5 Rfe8 16. f4 h6 17. Nh3 Rad8 18. Qc2 e5 19. f5 Nf6 20. Bf3 gxf5 21. exf5 e4 22. Bf4 Qc8 23. Be2 e3 24. Rbd1 Be4 25. Rxd8 Rxd8 26. Qc1 Qa8 27. Qe1 Bxg2 28. Qg3 Bxf1 29. Kxf1 Qh1+ 30. Ng1 Qe4 31. Bxh6 Qxf5+ 32. Kg2 Qf2+ 0-1

[Event "CZE-chT 0405"]
[Site "Czech Republic"]
[Date "2005.03.20"]
[Round "9.4"]
[White "Hagara, Eduard"]
[Black "Szilow, S."]
[Result "0-1"]
[WhiteElo "2387"]
[BlackElo "2412"]
[PlyCount "80"]
[EventDate "2004.11.??"]
[EventType "team"]
[EventRounds "11"]
[EventCountry "CZE"]
[SourceTitle "EXT 2006"]
[Source "ChessBase"]
[SourceDate "2005.11.24"]
[SourceVersion "1"]
[SourceVersionDate "2005.11.24"]
[SourceQuality "1"]
[WhiteTeam "Pardubice"]
[BlackTeam "Ostrava Color"]
[WhiteTeamCountry "CZE"]
[BlackTeamCountry "CZE"]

1. e4 e6 2. d4 d5 3. e5 c5 4. c3 Qb6 5. Nf3 Bd7 6. Be2 cxd4 7. cxd4 Bb5 8. Nc3 Bxe2 9. Nxe2 Bb4+ 10. Kf1 Nc6 11. g3 Bf8 12. Kg2 Nge7 13. b3 Nf5 14. g4 Nfe7 15. Nf4 Ng6 16. Nh5 Rg8 17. Bg5 Ba3 18. b4 Bxb4 19. Rb1 Qa6 20. Qb3 Rb8 21. Rhc1 Bf8 22. Rc2 Nge7 23. Rcb2 h6 24. Be3 Rh8 25. Nd2 Nc8 26. f4 Nb6 27. f5 Qe2+ 28. Kg3 exf5 29. Nf3 Qc4 30. Qd1 fxg4 31. Nh4 Nd8 32. Qxg4 Ne6 33. Rf2 Qd3 34. Re1 Nc4 35. Qf3 Ng5 36. Qxd5 Nxe3 37. Rxe3 Qxe3+ 38. Rf3 Qe4 39. Qb3 Nxf3 40. Nxf3 Qg6+ 0-1

[Event "CZE-chT 0405"]
[Site "Czech Republic"]
[Date "2005.01.15"]
[Round "5.4"]
[White "Szilow, S."]
[Black "Dobrovolsky, Ladislav"]
[Result "1/2-1/2"]
[WhiteElo "2412"]
[BlackElo "2377"]
[PlyCount "84"]
[EventDate "2004.11.??"]
[EventType "team"]
[EventRounds "11"]
[EventCountry "CZE"]
[SourceTitle "EXT 2006"]
[Source "ChessBase"]
[SourceDate "2005.11.24"]
[SourceVersion "1"]
[SourceVersionDate "2005.11.24"]
[SourceQuality "1"]
[WhiteTeam "Ostrava Color"]
[BlackTeam "Ostrava Slavoj"]
[WhiteTeamCountry "CZE"]
[BlackTeamCountry "CZE"]

1. d4 Nf6 2. c4 d6 3. Nf3 Nbd7 4. Nc3 e5 5. e4 g6 6. Be2 Bg7 7. 0-0 0-0 8. d5 Nc5 9. Nd2 a5 10. Rb1 Bh6 11. Qc2 Nh5 12. Bxh5 gxh5 13. Nb3 Bxc1 14. Rbxc1 Nxb3 15. axb3 Qg5 16. f4 exf4 17. Qd2 Bd7 18. Rxf4 Rae8 19. Rcf1 Re5 20. Qf2 f5 21. Ne2 Rfe8 22. Ng3 h4 23. Nxf5 Bxf5 24. Rxf5 Rxf5 25. exf5 Qe3 26. h3 Kf7 27. Ra1 b6 28. Rd1 Qxf2+ 29. Kxf2 Re5 30. Rd4 Rxf5+ 31. Ke3 Re5+ 32. Kd3 Rg5 33. Rxh4 Kg6 34. Re4 Rg3+ 35. Re3 Rxg2 36. Re7 Rxb2 37. Kc3 Rh2 38. Rxc7 Rxh3+ 39. Kb2 Rh2+ 40. Kc3 Rh3+ 41. Kb2 Rh2+ 42. Kc3 Rh3+ 1/2-1/2

[Event "CZE-chT 0405"]
[Site "Czech Republic"]
[Date "2004.12.05"]
[Round "4.3"]
[White "Szilow, S."]
[Black "Simacek, Pavel"]
[Result "1-0"]
[WhiteElo "2412"]
[BlackElo "2439"]
[PlyCount "75"]
[EventDate "2004.11.??"]
[EventType "team"]
[EventRounds "11"]
[EventCountry "CZE"]
[SourceTitle "EXT 2006"]
[Source "ChessBase"]
[SourceDate "2005.11.24"]
[SourceVersion "1"]
[SourceVersionDate "2005.11.24"]
[SourceQuality "1"]
[WhiteTeam "Ostrava Color"]
[BlackTeam "Grygov"]
[WhiteTeamCountry "CZE"]
[BlackTeamCountry "CZE"]

1. d4 Nf6 2. c4 c5 3. d5 e6 4. Nc3 exd5 5. cxd5 d6 6. e4 g6 7. Nf3 Bg7 8. Be2 0-0 9. 0-0 Re8 10. Nd2 Na6 11. Re1 Nc7 12. a4 h5 13. Qc2 Ng4 14. Bxg4 hxg4 15. Nc4 Qf6 16. Qd3 Rd8 17. Qg3 Ne8 18. Be3 b6 19. Rad1 Qe7 20. Bf4 Ba6 21. Ne3 Bd4 22. Nxg4 Ng7 23. Qf3 Nh5 24. Be3 Bg7 25. Nh6+ Kf8 26. Bg5 Bf6 27. Nf5 Qe5 28. Bh6+ Bg7 29. Nxg7 Nxg7 30. Bf4 Qf6 31. Qg4 Bc8 32. Qg3 Qe7 33. Nb5 Ne8 34. e5 dxe5 35. Bxe5 Kg8 36. d6 Qe6 37. Qh4 f6 38. Bxf6 1-0

[Event "CZE-chT 0405"]
[Site "Czech Republic"]
[Date "2004.11.06"]
[Round "1.2"]
[White "Oral, Tomas"]
[Black "Szilow, S."]
[Result "1-0"]
[WhiteElo "2565"]
[BlackElo "2412"]
[PlyCount "55"]
[EventDate "2004.11.??"]
[EventType "team"]
[EventRounds "11"]
[EventCountry "CZE"]
[SourceTitle "EXT 2006"]
[Source "ChessBase"]
[SourceDate "2005.11.24"]
[SourceVersion "1"]
[SourceVersionDate "2005.11.24"]
[SourceQuality "1"]
[WhiteTeam "Opava"]
[BlackTeam "Ostrava Color"]
[WhiteTeamCountry "CZE"]
[BlackTeamCountry "CZE"]

1. e4 e6 2. d4 d5 3. Nd2 Nf6 4. e5 Nfd7 5. Bd3 c5 6. c3 cxd4 7. cxd4 Nc6 8. Ne2 f6 9. exf6 Nxf6 10. Nf3 Bd6 11. 0-0 0-0 12. Bf4 Bxf4 13. Nxf4 Ne4 14. Ne2 Rxf3 15. gxf3 Ng5 16. f4 Nh3+ 17. Kh1 Qh4 18. Qd2 Nxf2+ 19. Kg2 Nxd3 20. Qxd3 Bd7 21. Rf3 Be8 22. Ng3 Bg6 23. f5 exf5 24. Nxf5 Qg5+ 25. Kh1 Ne7 26. Rg1 Qf6 27. Rxg6 hxg6 28. Nh6+ 1-0

[Event "Krakow op-A"]
[Site "Krakow "]
[Date "2003.12.27"]
[Round "1"]
[White "Hanko, Pavol"]
[Black "Szilow, S."]
[Result "1-0"]
[WhiteElo "2197"]
[BlackElo "2448"]
[PlyCount "33"]
[EventDate "2003.12.27"]
[EventType "swiss"]
[EventRounds "9"]
[EventCountry "POL"]
[SourceTitle "EXT 2006"]
[Source "ChessBase"]
[SourceDate "2005.11.24"]
[SourceVersion "1"]
[SourceVersionDate "2005.11.24"]
[SourceQuality "1"]

1. d4 e6 2. c4 Nf6 3. Nf3 b6 4. a3 Ba6 5. Qc2 Bb7 6. Nc3 c5 7. e4 cxd4 8. Nxd4 Nc6 9. Nf3 Bc5 10. Be2 Qb8 11. h3 Nd4 12. Nxd4 Bxd4 13. Bf3 Qe5 14. Nb5 Nxe4 15. 0-0 Bc6 16. Bxe4 Bxe4 17. Qxe4 1-0

[Event "POL-ch sf U20"]
[Site "Ostrow Wielkopolski"]
[Date "1996.??.??"]
[Round "2"]
[White "Dziadon, Piotr"]
[Black "Szilow, S."]
[Result "1/2-1/2"]
[WhiteElo "2070"]
[BlackElo "2140"]
[PlyCount "115"]
[EventDate "1996.??.??"]
[EventType "swiss"]
[EventRounds "9"]
[EventCountry "POL"]
[SourceTitle "EXT 2006"]
[Source "ChessBase"]
[SourceDate "2005.11.24"]
[SourceVersion "1"]
[SourceVersionDate "2005.11.24"]
[SourceQuality "1"]

1. d4 Nf6 2. c4 g6 3. Nc3 Bg7 4. e4 d6 5. Nf3 0-0 6. Bd3 Nbd7 7. 0-0 e5 8. d5 a5 9. Bc2 Nh5 10. g3 Nc5 11. Ne1 Nf6 12. Bg5 h6 13. Bd2 c6 14. Ng2 cxd5 15. exd5 e4 16. Rb1 Bg4 17. Qc1 h5 18. Re1 Re8 19. Nb5 Bf3 20. h3 Qd7 21. Kh2 Nxd5 22. Ne3 Nf6 23. Bc3 Ne6 24. Bxf6 Bxf6 25. Nd5 Bd8 26. h4 f5 27. Qh6 Qg7 28. Qxg7+ Kxg7 29. Nxd6 Rf8 30. Nb5 g5 31. hxg5 Nxg5 32. Nf4 Ra6 33. Ng2 Rc6 34. Ne3 h4 35. g4 fxg4 36. Rg1 g3+ 37. fxg3 hxg3+ 38. Kxg3 Rh6 39. Nd4 Bc7+ 40. Kf2 Rh2+ 41. Ke1 Kg6 42. Nxf3 Rxf3 43. Bxe4+ Kf7 44. Bd5+ Ke8 45. Nf1 Rh5 46. Rxg5 Rxf1+ 47. Kxf1 Rxg5 48. Bxb7 Bb6 49. Ke2 Rg1 50. Rxg1 Bxg1 51. a3 Bc5 52. Kd3 Kd8 53. Kc3 Kc7 54. Bd5 Kb6 55. b4 axb4+ 56. axb4 Bf8 57. Bg8 Be7 58. Kd4 1/2-1/2

[Event "Jaroslawiec op-A"]
[Site "Jaroslawiec"]
[Date "1995.??.??"]
[Round "5"]
[White "Sutor, Marek"]
[Black "Szilow, S."]
[Result "1-0"]
[WhiteElo "2155"]
[BlackElo "2045"]
[PlyCount "41"]
[EventDate "1995.??.??"]
[EventType "swiss"]
[EventRounds "9"]
[EventCountry "POL"]
[SourceTitle "EXT 2006"]
[Source "ChessBase"]
[SourceDate "2005.11.24"]
[SourceVersion "1"]
[SourceVersionDate "2005.11.24"]
[SourceQuality "1"]

1. Nf3 f5 2. e4 fxe4 3. Ng5 Nf6 4. d3 exd3 5. Bxd3 d5 6. Nxh7 Qd6 7. Bg6+ Kd8 8. Ng5 Be6 9. Bf4 Qb6 10. 0-0 Bg8 11. Bf7 Nbd7 12. Ne6+ Kc8 13. Bxc7 Qxb2 14. Bxg8 Qxa1 15. c3 Qxa2 16. Bf7 a5 17. Bg3 g6 18. Nc7 Ra7 19. Nxd5 Nxd5 20. Bxd5 Qb2 21. Qd4 1-0